000 00571nam a22001937a 4500
999 _c169838
_d169838
005 20191205155147.0
010 _aA-842660
020 _cN.A.
_a-
035 _aA-842660
037 _bBPPD
082 _a239.1
100 _aشا نتی سيٹھ
245 _aسنت کبير
_cشا نتی سيٹھ
246 _aSant Kabir
_bby Shanti Sethi
260 _aPunjab
_c1993 ء
_bRadha Sawmy Sat Angh Biyas
270 _aDera Baba Jaimal Singh,District Amritsar
_bPunjab
_k-
_e-
300 _a464 ص
_c22 cm(hb)
942 _2ddc
_cUR
_h239.1
_mس ے ٹ